|
|
|
|
| LEADER |
00000nam a2200000 i 4500 |
| 001 |
1/6010 |
| 008 |
980615s1996 eng d |
| 020 |
|
|
|a 3-540-61359-5
|
| 035 |
|
|
|l 10061784
|
| 040 |
|
|
|a GR-MY-UA
|b gre
|e aacr
|
| 041 |
0 |
|
|a eng
|
| 082 |
0 |
|
|a 670.42720
|
| 100 |
1 |
|
|a Crama, Yves
|d 1958-
|
| 245 |
1 |
0 |
|a Production planning in automated manufacturing /
|c Yves Crama, Alwin G. Oerlemans, Frits C. R. Spieksma
|
| 250 |
|
|
|a 2nd rev. and enl. ed.
|
| 260 |
|
|
|a Berlin ; New York :
|b Springer,
|c c1996
|
| 300 |
|
|
|a x, 239 p.;
|b ill.;
|c 24 cm.
|
| 504 |
|
|
|a Includes bibliography
|
| 650 |
0 |
0 |
|a Production planning.
|
| 650 |
0 |
0 |
|a Automation.
|
| 700 |
1 |
|
|a Oerlemans, Alwin
|d 1965-
|
| 700 |
1 |
|
|a Spieksma, Frits
|d 1964-
|
| 852 |
|
|
|a INST
|b SAMOS
|e 19980615
|h 670.427 CRA
|p 005300011094
|q 005300011094
|t BK
|y 0
|
| 852 |
|
|
|a INST
|b SAMOS
|e 19980615
|h 670.427 CRA
|p 005300011095
|q 005300011095
|t BK
|y 0
|
| 852 |
|
|
|a INST
|b SAMOS
|e 20000609
|h 670.427 CRA
|p 005300019590
|q 005300019590
|t BK
|y 0
|
| 901 |
|
|
|a BIBL3-2000-2
|
| 901 |
|
|
|a BIBL-1998-2
|
| 909 |
|
|
|a Σ
|b 078766
|
| 909 |
|
|
|a Σ
|b 056948
|
| 909 |
|
|
|a Σ
|b 056949
|
| 922 |
|
|
|a 3ΕΛΗ
|b 200005
|c ΚΠΣ
|d ΠΑΠΑΣΩΤΗΡΙΟΥ
|
| 922 |
|
|
|a 3ΕΛΗ
|b 199805
|c ΚΠΣ
|d ΠΑΠΑΣΩΤΗΡΙΟΥ
|
| 950 |
|
|
|a 116-1999-12-31
|
| 970 |
|
|
|a ΚΟΣΙΕΡΗΣ
|b ΧΡΗΣΤΟΣ
|z 2000/06/14
|